करवटें अभीव्यक्ति की (Record no. 166320)
[ view plain ]
| 000 -LEADER | |
|---|---|
| fixed length control field | 01090nam a22002657a 4500 |
| 003 - CONTROL NUMBER IDENTIFIER | |
| control field | dpl |
| 005 - DATE AND TIME OF LATEST TRANSACTION | |
| control field | 20190719142126.0 |
| 008 - FIXED-LENGTH DATA ELEMENTS--GENERAL INFORMATION | |
| fixed length control field | 190715b ||||| |||| 00| 0 eng d |
| 010 ## - LIBRARY OF CONGRESS CONTROL NUMBER | |
| LC control number | B-057728 |
| 020 ## - INTERNATIONAL STANDARD BOOK NUMBER | |
| Terms of availability | 150.00 |
| 035 ## - SYSTEM CONTROL NUMBER | |
| System control number | B-057728 |
| 037 ## - SOURCE OF ACQUISITION | |
| Source of stock number/acquisition | BPPD/PUB |
| 040 ## - CATALOGING SOURCE | |
| Original cataloging agency | DPL |
| Language of cataloging | HN |
| Transcribing agency | 0 |
| 082 ## - DEWEY DECIMAL CLASSIFICATION NUMBER | |
| Classification number | 821 |
| Item number | भावसा |
| 100 ## - MAIN ENTRY--PERSONAL NAME | |
| Personal name | भावसर |
| 9 (RLIN) | 44896 |
| 245 ## - TITLE STATEMENT | |
| Title | करवटें अभीव्यक्ति की |
| Statement of responsibility, etc | डॉ वीरबाला भावसर |
| Medium | HN |
| 246 ## - VARYING FORM OF TITLE | |
| Title proper/short title | KARVTEN ABHIVYAKTI |
| Remainder of title | Dr Veerbala Bhavsar |
| 260 ## - PUBLICATION, DISTRIBUTION, ETC. (IMPRINT) | |
| Place of publication, distribution, etc | जयपुर |
| Name of publisher, distributor, etc | विरल प्रकाशन |
| Date of publication, distribution, etc | 2001 |
| 270 ## - ADDRESS | |
| City | जयपुर |
| Address | 41/36 वरुण पंथ, मानसरोवर जयपुर |
| 300 ## - PHYSICAL DESCRIPTION | |
| Extent | 225 पृ |
| Dimensions | 21सेमी (सजिल्द) |
| 650 ## - SUBJECT ADDED ENTRY--TOPICAL TERM | |
| Topical term or geographic name as entry element | हिंदी--पत्रकारिता |
| 9 (RLIN) | 1191 |
| 650 ## - SUBJECT ADDED ENTRY--TOPICAL TERM | |
| Topical term or geographic name as entry element | हिंदी--पत्रकारिता-प्रमुख पत्रकार |
| 9 (RLIN) | 78586 |
| 650 ## - SUBJECT ADDED ENTRY--TOPICAL TERM | |
| Topical term or geographic name as entry element | Hindi - journalism-chief reportery |
| 9 (RLIN) | 78587 |
| 942 ## - ADDED ENTRY ELEMENTS (KOHA) | |
| Source of classification or shelving scheme | Dewey Decimal Classification |
| Koha item type | Hindi Books |
| Classification part | 821 |
| Call number suffix | भावसार |
| Withdrawn status | Lost status | Source of classification or shelving scheme | Materials specified (bound volume or other part) | Damaged status | Not for loan | Collection code | Home library | Current library | Date acquired | Cost, normal purchase price | Total Checkouts | Full call number | Barcode | Date last seen | Cost, replacement price | Price effective from | Koha item type |
|---|---|---|---|---|---|---|---|---|---|---|---|---|---|---|---|---|---|
| Dewey Decimal Classification | BPPD/PUB | Non-fiction | Shahdara Branch | Shahdara Branch | 19/07/2019 | 150.00 | 821 भावसार | B-057728 | 19/07/2019 | 150.00 | 19/07/2019 | Hindi Books |
